Score 0/20 Timer 20:00
0 Plays Today
Question Answer Wrong Answers
The Athenians named their city after Athena because of her gift to the city of olive trees
100%
military victory
0%
the first horse
0%
wisdom
0%
Zeus abducted _____ in the form of a bull and led her to Crete Europa
100%
Maia
0%
Pasiphae
0%
Semele
0%
Aphrodite had a sexual relationship with all of the following except Apollo
100%
Ares
0%
Hephaestus
0%
Hermes
0%
A significant contrast between Baroque and Neoclassical art is expressed in arrangement/composition
100%
emotion
0%
implied motion
0%
perspective
0%
In the Iliad, Zeus claimed that he hated _____ more than any other god Ares
100%
Hephaestus
0%
Hera
0%
Hermes
0%
A significant contrast between Romanticism and Neoclassicism is expressed in the use of line
100%
emotion
0%
perspective
0%
the use of light
0%
Hephaestud release Hera from the throne that he had created to bind her after she promised him a wife
100%
she healed him
0%
Zeus demanded her release
0%
ten years
0%
A significant contrast between Renaissance and Baroque art is expressed in the use of emotion
100%
theme
0%
perspective
0%
the use of line
0%
Phaethon's destructive chariot ride was brought to an end by Zeus
100%
Apollo
0%
Helios
0%
Artemis
0%
Which of the following gods helped the major Greek heroes complete their labors? Athena
100%
Artemis
0%
Ares
0%
Hephaestus
0%
King Minos of Crete was the son of Zeus and Europa
100%
Alcmene
0%
Maia
0%
Semele
0%
Daedalus was banished from Athens because of murder
100%
politics
0%
espionage
0%
revenge
0%
_____ was born form the thigh of Zeus. Dionysus
66.7%
Apollo
33.3%
Hercules
0%
Hermes
0%
Mercury was the child of Jupiter and Maia
66.7%
Alcheme
0%
Juno
33.3%
Semele
0%
The mother of the Minotaur was Pasiphae
66.7%
Alchene
0%
Europa
0%
Semele
33.3%
Hermes had authority over all the following except theater
66.7%
boxing
0%
commerce
33.3%
education
0%
Which deity died before becoming a god? Bacchus
66.7%
Apollo
0%
Mars
0%
Mercury
33.3%
____ was often depicted as the tutor of Cupid in Rococo art. Mercury
33.3%
Apollo
66.7%
Mars
0%
Silenus
0%
According to the earlies Greek sources, Phaethon was the son of Helios
33.3%
Apollo
33.3%
Ares
0%
Hermes
33.3%
Apollo's love was rejected by all of the following women except Coronis
33.3%
Cassandra
33.3%
Cumaean Sibyl
33.3%
Daphne
0%
Remove Ads.
Support Sporcle.
Get the best of Sporcle when you Go Orange. This ad-free experience offers more features, more stats, and more fun while also helping to support Sporcle. Thank you for becoming a member.

You're not logged in!

Compare scores with friends on all Sporcle quizzes.
OR
Log In

Show Comments

Extras

Created Dec 10, 2018ReportNominate
Tags:god, Here

Top Quizzes Today


Score Distribution

Your Account Isn't Verified!

In order to create a playlist on Sporcle, you need to verify the email address you used during registration. Go to your Sporcle Settings to finish the process.

Report this User

Report this user for behavior that violates our Community Guidelines.

Details: